000 00442nam a2200181Ia 4500
001 14081
005 20260306164848.0
008 260306t2001||||xx |||||||||||||| ||spa||
041 _aESP
082 _a006.32
_bM26
100 _aMartín del Brío, Bonifacio
_eAUT
245 0 _aRedes neuronales y sistemas difusos
260 _c2001
300 _a399 páginas :
_c23 cm.
650 _aGEN
654 _aCCC
942 _cLIB
_dJUS
_fJUS
_2ddc
_n
999 _c14081
_d14081